Capital cities beginning with H - Statistics

General Stats
  • This quiz has been taken 101 times
  • The average score is 4 of 5
Answer Stats
Answer % Correct
Helsinki
88%
Hanoi
86%
Harare
83%
Honiara
75%
Havana
66%
No matching quizzes found
Score Distribution
Percent of People with Each Score
Percentile by Number Answered
Your Score History
You have not taken this quiz